الحكايات الشعبية الكويتية : (Record no. 14501)
[ view plain ]
| 000 -الفاتح | |
|---|---|
| حقل البيانات ثابتة الطول | 01025nam a22001937a 4500 |
| 008 - عناصر البيانات ثابتة الطول - معلومات عامة | |
| حقل البيانات ثابتة الطول | 100718t1985 xxu||||| |||| 00| 0 ara d |
| 082 ## - رقم تصنيف ديوى العشرى | |
| رقم الطبعة | 22 |
| رقم المادة | ك م ا |
| رقم التصنيف | 398.2 |
| 100 1# - المدخل الرئيسى - إسم شخصى | |
| 9 (RLIN) | 16386 |
| الإسم الشخصى | كمال، صفوت |
| 245 ## - بيان العنوان | |
| العنوان | الحكايات الشعبية الكويتية : |
| بقية العنوان | دراسة مقارنة / |
| بيان المسئوليه,etc | صفوت كمال. |
| 260 ## - PUBLICATION, DISTRIBUTION, ETC. (IMPRINT) | |
| مكان الناشر او الموزع | :[الكويت] |
| اسم الناشر او الموزع | [وزارة الاعلام] ، |
| تاريخ النشر أو التوزيع | 1985. |
| 300 ## - الوصف المادى | |
| التعداد | 459 ص : |
| أبعاد الوعاء | 24 سم. |
| 504 ## - تبصرة ببليوجرافية | |
| تبصرة ببليوجرافية,الخ | يحتوي علي ارجاعات ببليوجرافية. |
| 541 ## - تبصرة المصدر المباشر للتزويد | |
| مصدر التزويد | ألف باء ؛ |
| طريقة التزويد | شراء ؛ |
| 650 0# - المدخل الاضافى بالموضوع-مصطلح موضوعى | |
| 9 (RLIN) | 16040 |
| مصطلح موضوعي أو اسم جغرافي كعنصر مدخل | الأدب الشعبي |
| 650 0# - المدخل الاضافى بالموضوع-مصطلح موضوعى | |
| 9 (RLIN) | 16863 |
| مصطلح موضوعي أو اسم جغرافي كعنصر مدخل | الأدب الشعبي العربي |
| التقسيم الفرعي الجغرافي | الكويت |
| 710 ## - المدخل الاضافى - اسم هيئه | |
| 9 (RLIN) | 16387 |
| اسم الهيئة أو اسم السلطة كمدخل | وزارة الاعلام |
| وحده ملحقة | ادارة الثقافة والصحافة والرقابة |مركز رعاية الفنون الشعبية |
| موقع المؤتمر | الكويت |
| 942 ## - عناصر المدخل الإضافي( كوها) | |
| مصدر التصنيف او مخطط الترفيف | Dewey Decimal Classification |
| Koha [default] item type | Book - Borrowing |
| حالة التراجع | حالة الفقد | مصدر التصنيف او خطة الترفيف | حالة تلف | ليس للاعارة | مجموعات كوها | المكان الدائم | المكان الحالي | موقع الترفيف | تاريخ الاكتساب | Source of acquisition | رقم الاستدعاء | الباركود | Date last seen | نوع الوعاء |
|---|---|---|---|---|---|---|---|---|---|---|---|---|---|---|
| Dewey Decimal Classification | Alef-Baa | Central Library | Central Library | First floor | 18/07/2010 | 398.2 ك م ا | 000021479 | 15/07/2025 | Book - Borrowing |